[Event "World Rapid Women 2017"]
[Site "Riyadh KSA"]
[Date "2017.12.28"]
[Round "13.35"]
[White "Kovanova, Baira"]
[Black "Saduakassova, Dinara"]
[Result "0-1"]
[WhiteTitle "WGM"]
[BlackTitle "IM"]
[WhiteElo "2367"]
[BlackElo "2460"]
[WhiteFideId "4164083"]
[BlackFideId "13700090"]
[EventDate "2017.12.26"]

1. Nf3 Nf6 2. g3 b5 3. Bg2 Bb7 4. O-O e6 5. d3 d6 6. e4 Nbd7 7. Re1 c5 8. Nbd2
Be7 9. b3 O-O 10. Bb2 a6 11. Qe2 Ne8 12. d4 cxd4 13. Nxd4 Qb6 14. a4 Bf6 15. c3
Nc7 16. a5 Qa7 17. Rad1 Rac8 18. b4 Rfd8 19. Kh1 d5 20. exd5 Nxd5 21. Ne4 Be7
22. Kg1 Re8 23. Rc1 N7f6 24. Nb3 Rc4 25. Nec5 Ba8 26. Nd2 Rg4 27. Nce4 Rg6 28.
Nxf6+ Bxf6 29. Ne4 Be7 30. Qf1 f5 31. Nd2 Bf6 32. Nb3 Nxb4 33. Bxa8 Qxa8 34.
cxb4 Bxb2 35. Rc2 Ba3 36. Rc7 Qd5 37. Nc5 Bxb4 38. Rd1 Qa8 39. Nb3 Re7 40. Rxe7
Bxe7 41. Rd7 Bf6 42. Rd6 Be5 43. Rd7 h6 44. Qe2 Qe4 45. Qxe4 fxe4 46. Ra7 Rf6
47. Rxa6 Rf3 48. Nc5 b4 49. Rb6 Bd4 50. Rb8+ Kh7 51. Nxe4 b3 52. a6 b2 53. a7
Ra3 54. Nd2 Rxa7 55. Kg2 Rd7 56. Nc4 Rf7 57. Ne3 Rc7 58. Nd1 Rc2 59. Kf1 Rc1 0-1

[Event "World Rapid Women 2017"]
[Site "Riyadh KSA"]
[Date "2017.12.28"]
[Round "13.36"]
[White "Rapport, Jovana"]
[Black "Badelka, Olga"]
[Result "1/2-1/2"]
[WhiteTitle "WGM"]
[BlackTitle "WIM"]
[WhiteElo "2299"]
[BlackElo "2388"]
[WhiteFideId "937266"]
[BlackFideId "13509926"]
[EventDate "2017.12.26"]

1. d4 d5 2. Nc3 Nf6 3. Bf4 a6 4. e3 e6 5. Nf3 c5 6. Be2 Nc6 7. O-O Bd6 8. dxc5
Bxc5 9. a3 O-O 10. b4 Bd6 11. Bxd6 Qxd6 12. Na4 Rd8 13. c4 Qc7 14. cxd5 exd5 15.
Rc1 Bg4 16. Nd4 Bxe2 17. Qxe2 Nxd4 18. exd4 Qf4 19. Qe5 Qxe5 20. dxe5 Nd7 21. f4
b5 22. Nc5 Nb6 23. f5 Re8 24. e6 fxe6 25. fxe6 a5 26. Rf4 axb4 27. axb4 Na4 28.
h3 Rac8 29. Rd4 Rxe6 30. Rxd5 Rec6 31. Rc2 Nxc5 32. Rdxc5 Rxc5 33. bxc5 b4 1/2-1/2

[Event "World Rapid Women 2017"]
[Site "Riyadh KSA"]
[Date "2017.12.28"]
[Round "13.37"]
[White "Doluhanova, Evgeniya"]
[Black "Ambartsumova, Karina"]
[Result "1-0"]
[WhiteTitle "WGM"]
[BlackTitle "WGM"]
[WhiteElo "2352"]
[BlackElo "2359"]
[WhiteFideId "14112035"]
[BlackFideId "4166299"]
[EventDate "2017.12.26"]

1. d4 Nf6 2. Bf4 g6 3. e3 Bg7 4. Bd3 O-O 5. Nd2 d6 6. h3 Nc6 7. Ngf3 Re8 8. e4
Nxd4 9. Nxd4 e5 10. Bxe5 dxe5 11. Ne2 Nh5 12. Bc4 Qg5 13. g4 Nf4 14. Nxf4 exf4
15. c3 b5 16. Bb3 Bb7 17. Qe2 Rad8 18. h4 Qc5 19. f3 a5 20. a3 b4 21. axb4 axb4
22. cxb4 Qxb4 23. Ra4 Qb6 24. h5 Bxb2 25. hxg6 hxg6 26. Kf1 Rxd2 27. Bxf7+ Kxf7
28. Qxd2 Be5 29. Qd7+ Kf8 30. Rh7 Ba6+ 31. Kg2 Qb2+ 32. Kh1 Qc1+ 33. Kh2 Qc2+
34. Kh1 Bc4 35. Ra6 Qc1+ 36. Kh2 Qb2+ 37. Kh1 Qf2 38. Qxe8+ Kxe8 39. Ra8# 1-0

[Event "World Rapid Women 2017"]
[Site "Riyadh KSA"]
[Date "2017.12.28"]
[Round "13.38"]
[White "Gevorgyan, Maria"]
[Black "Sedina, Elena"]
[Result "1/2-1/2"]
[WhiteTitle "WIM"]
[BlackTitle "IM"]
[WhiteElo "2275"]
[BlackElo "2312"]
[WhiteFideId "13300270"]
[BlackFideId "812153"]
[EventDate "2017.12.26"]

1. e4 e6 2. d4 d5 3. Nc3 Bb4 4. e5 c5 5. Bd2 Ne7 6. Nb5 Bxd2+ 7. Qxd2 O-O 8. f4
Bd7 9. dxc5 Bxb5 10. Bxb5 b6 11. Qf2 bxc5 12. Qxc5 Nd7 13. Qa3 Nf5 14. Nf3 f6
15. Bxd7 Qxd7 16. O-O Rac8 17. Qd3 Qc6 18. Rf2 Qb6 19. c3 Rc4 20. g3 Nh6 21. Kg2
Ng4 22. Re2 Re4 23. Rae1 fxe5 24. fxe5 Nf2 25. Qd2 Rxe2 26. Rxe2 Ne4 27. Qd4 Qa6
28. c4 Qxa2 29. cxd5 exd5 30. Nd2 Nxd2 31. Rxd2 Rb8 32. e6 Qc4 33. Qxc4 dxc4 34.
Kf3 Kf8 35. Ke4 Ke7 36. Ke5 Rb5+ 37. Rd5 Rxb2 38. Rd7+ Ke8 39. Rxg7 Rxh2 40.
Rxa7 c3 41. Rc7 c2 42. Kf6 Rf2+ 43. Kg7 Rg2 44. Kf6 Rf2+ 45. Kg7 Rg2 46. Kf6 1/2-1/2

[Event "World Rapid Women 2017"]
[Site "Riyadh KSA"]
[Date "2017.12.28"]
[Round "13.39"]
[White "Mammadzada, Gunay"]
[Black "Gu, Xiaobing"]
[Result "0-1"]
[WhiteTitle "WGM"]
[BlackTitle "WGM"]
[WhiteElo "2333"]
[BlackElo "2332"]
[WhiteFideId "13403729"]
[BlackFideId "8602611"]
[EventDate "2017.12.26"]

1. e4 c5 2. Nf3 d6 3. d4 cxd4 4. Nxd4 Nf6 5. Nc3 a6 6. h3 e5 7. Nb3 h5 8. Bg5
Be6 9. Be2 Nbd7 10. Nd5 Bxd5 11. exd5 g6 12. f4 exf4 13. Bxf4 Bg7 14. Qd3 Ne5
15. Bxe5 dxe5 16. O-O-O e4 17. Qc4 O-O 18. d6 Rc8 19. Qb4 Qd7 20. Kb1 Rfd8 21.
c4 Qe6 22. Nc5 Qe5 23. Nxb7 Rb8 24. c5 a5 25. Qb5 Nd5 26. Rd2 e3 27. Rc2 Nb4 28.
Rhc1 Qd5 29. Qxa5 Qxb7 30. Bf3 Qb5 31. Qxb5 Rxb5 32. Be2 Nxc2 33. Bxb5 Nd4 34.
Bd3 Be5 35. Re1 Bf4 36. g3 Nf3 37. Re2 Nd4 38. gxf4 Nxe2 39. Bxe2 Kf8 40. Kc2
Rb8 41. Kc3 Ke8 42. b4 Ra8 43. Kb3 Kd7 44. b5 Re8 45. Kc3 Re4 46. Kd3 Rxf4 47.
Kxe3 Ra4 48. Bf3 Ra3+ 49. Kf2 Rxa2+ 50. Kg3 Rc2 51. Bc6+ Kd8 52. Bd5 Rxc5 53.
Bxf7 Rxb5 54. h4 Rb4 55. Be6 Rb6 56. Kf4 Rxd6 57. Ke5 Ra6 58. Bc4 Ra4 59. Bf7
Rxh4 60. Bxg6 Rh1 61. Kf4 h4 62. Be4 Rg1 0-1

[Event "World Rapid Women 2017"]
[Site "Riyadh KSA"]
[Date "2017.12.28"]
[Round "13.40"]
[White "Cornette, Deimante"]
[Black "Michna, Marta"]
[Result "1-0"]
[WhiteTitle "IM"]
[BlackTitle "WGM"]
[WhiteElo "2439"]
[BlackElo "2377"]
[WhiteFideId "12802859"]
[BlackFideId "1106686"]
[EventDate "2017.12.26"]

1. e4 e6 2. d4 d5 3. Nd2 Nf6 4. e5 Nfd7 5. Bd3 c5 6. c3 Nc6 7. Ne2 a5 8. O-O
cxd4 9. cxd4 Nb6 10. f4 g6 11. Nf3 h5 12. Nc3 Bd7 13. Be3 a4 14. Rc1 Nb4 15. Be2
Rc8 16. a3 Nc6 17. Bb5 Na5 18. Bxa4 Nxa4 19. Nxa4 Nc4 20. Bf2 b6 21. Qb3 Be7 22.
Nc3 O-O 23. Rfd1 b5 24. Nd2 Ra8 25. Nxc4 bxc4 26. Qc2 Qb6 27. f5 gxf5 28. Qe2
Kg7 29. Rc2 Rh8 30. h4 Rag8 31. Rb1 Kf8 32. b3 cxb3 33. Rcb2 Rg4 34. Rxb3 Qc6
35. Rb8+ Kg7 36. Rxh8 Kxh8 37. Qe3 f4 38. Qd2 Kg7 39. a4 f3 40. g3 Bxh4 41. Kh2
Bg5 42. Qd3 h4 43. Qxf3 hxg3+ 44. Kg2 gxf2+ 45. Qxg4 Kg6 46. Ne2 f6 47. Nf4+ Kg7
48. Nh5+ Kf7 49. Nxf6 Qc2 50. Rf1 1-0

[Event "World Rapid Women 2017"]
[Site "Riyadh KSA"]
[Date "2017.12.28"]
[Round "13.41"]
[White "Arakhamia-Grant, Ketevan"]
[Black "Nakhbayeva, Guliskhan"]
[Result "1-0"]
[WhiteTitle "GM"]
[BlackTitle "WGM"]
[WhiteElo "2350"]
[BlackElo "2314"]
[WhiteFideId "13600168"]
[BlackFideId "13704788"]
[EventDate "2017.12.26"]

1. e4 e6 2. d4 d5 3. Nc3 Bb4 4. e5 c5 5. a3 Ba5 6. b4 cxd4 7. Nb5 Bc7 8. f4 Bd7
9. Nxc7+ Qxc7 10. Bb2 Ba4 11. Bd3 Nc6 12. Nf3 Qb6 13. O-O Nge7 14. Kh1 O-O 15.
Bxh7+ Kxh7 16. Ng5+ Kg8 17. Qh5 Bxc2 18. f5 Rfe8 19. Qxf7+ Kh8 20. Qh5+ Kg8 21.
Qh7+ Kf8 22. fxe6+ Nf5 23. Rxf5+ 1-0

[Event "World Rapid Women 2017"]
[Site "Riyadh KSA"]
[Date "2017.12.28"]
[Round "13.42"]
[White "Gara, Anita"]
[Black "Ovod, Evgenija"]
[Result "1/2-1/2"]
[WhiteTitle "IM"]
[BlackTitle "IM"]
[WhiteElo "2367"]
[BlackElo "2364"]
[WhiteFideId "709751"]
[BlackFideId "4131827"]
[EventDate "2017.12.26"]

1. e4 e5 2. Nf3 Nc6 3. Nc3 Nf6 4. d4 exd4 5. Nxd4 Bb4 6. Nxc6 bxc6 7. Bd3 d5 8.
exd5 cxd5 9. O-O O-O 10. h3 c6 11. Qf3 Bd6 12. Bf4 Rb8 13. Rab1 Be6 14. b3 Qc7
15. Bxd6 Qxd6 16. Qg3 Qa3 17. Rfe1 c5 18. Nb5 Qa5 19. Nc7 Bd7 20. c4 dxc4 21.
Bxc4 Bf5 22. Rbd1 Qxa2 23. Nd5 Nxd5 24. Rxd5 Bc2 25. Rd2 Qa5 26. Bxf7+ Kh8 27.
Rde2 Qb6 28. Re7 Rb7 29. Qe5 Rxe7 30. Qxe7 Qd8 31. Qxc5 Rxf7 32. Qxc2 Rf8 33.
Qc5 a6 34. Re6 Kg8 35. Qc4 Kh8 36. Rxa6 h6 37. Qc5 Qd1+ 38. Kh2 Re8 39. b4 Qd3
40. Rd6 Qb1 41. Qd4 Re1 42. Rxh6+ Kg8 43. Qd5+ Kf8 44. Rh8+ Ke7 45. Qd8+ Kf7 46.
Rf8+ Kg6 47. Qd6+ Kh7 48. Rf4 Rh1+ 49. Kg3 Qb3+ 50. Rf3 Qb2 51. Qd3+ Kh6 52. Rf4
Qe5 53. Qf5 Qd6 54. Qf8 Qe5 55. Qh8+ Kg6 56. Qc8 Kh6 57. Qf5 Qd6 58. Kh4 Qe7+
59. Kg3 1/2-1/2

[Event "World Rapid Women 2017"]
[Site "Riyadh KSA"]
[Date "2017.12.28"]
[Round "13.43"]
[White "Zozulia, Anna"]
[Black "Bulmaga, Irina"]
[Result "0-1"]
[WhiteTitle "IM"]
[BlackTitle "IM"]
[WhiteElo "2316"]
[BlackElo "2427"]
[WhiteFideId "14102110"]
[BlackFideId "13903063"]
[EventDate "2017.12.26"]

1. e4 c5 2. Nf3 d6 3. c3 Nf6 4. Be2 Nc6 5. d3 g6 6. O-O Bg7 7. h3 O-O 8. Nbd2 e5
9. Re1 h6 10. Bf1 Re8 11. g3 Be6 12. Bg2 d5 13. exd5 Bxd5 14. Qc2 Qd7 15. Ne4
Nxe4 16. dxe4 Be6 17. Be3 b6 18. Rad1 Qc7 19. Kh2 Rad8 20. Bc1 b5 21. a3 a5 22.
Rxd8 Rxd8 23. Rd1 c4 24. Rxd8+ Qxd8 25. Qd2 Qe7 26. Ne1 b4 27. axb4 axb4 28. Nc2
bxc3 29. bxc3 Na5 30. Ba3 Qc7 31. Ne3 Nb3 32. Qd1 Bf8 33. Bxf8 Kxf8 34. Bf1 Nc5
35. Nd5 Qd6 36. Bg2 Nd3 37. Nb4 Ke7 38. Qd2 Nxb4 39. Qxd6+ Kxd6 40. cxb4 c3 0-1

[Event "World Rapid Women 2017"]
[Site "Riyadh KSA"]
[Date "2017.12.28"]
[Round "13.44"]
[White "Ordaz Valdes, Lisandra Teresa"]
[Black "Fierro Baquero, Martha L."]
[Result "0-1"]
[WhiteTitle "WGM"]
[BlackTitle "IM"]
[WhiteElo "2414"]
[BlackElo "2369"]
[WhiteFideId "3506940"]
[BlackFideId "3600270"]
[EventDate "2017.12.26"]

1. d4 g6 2. c4 Bg7 3. e4 d6 4. Nc3 Nf6 5. f4 O-O 6. Nf3 Bg4 7. Be2 Nfd7 8. O-O
Nc6 9. e5 dxe5 10. fxe5 e6 11. Be3 Ne7 12. c5 Nb8 13. h3 Bxf3 14. Bxf3 Nbc6 15.
Qd2 Nf5 16. Rad1 Nxe3 17. Qxe3 Qh4 18. Ne4 Rad8 19. a3 Rd7 20. Kh2 Rfd8 21. g3
Qe7 22. Nf6+ Bxf6 23. exf6 Qf8 24. Bxc6 bxc6 25. Qe5 Rc8 26. Qe3 Rd5 27. Rd2
Rcd8 28. Rfd1 R8d7 29. b4 Qd8 30. Qh6 Qxf6 31. Qe3 Qd8 32. a4 0-1

[Event "World Rapid Women 2017"]
[Site "Riyadh KSA"]
[Date "2017.12.28"]
[Round "14.1"]
[White "Ju, Wenjun"]
[Black "Atalik, Ekaterina"]
[Result "1-0"]
[WhiteTitle "GM"]
[BlackTitle "IM"]
[WhiteElo "2567"]
[BlackElo "2451"]
[WhiteFideId "8603006"]
[BlackFideId "4130189"]
[EventDate "2017.12.26"]

1. d4 d5 2. c4 e6 3. Nf3 Nf6 4. g3 Bb4+ 5. Bd2 Bd6 6. Bg2 O-O 7. b3 Ne4 8. O-O
c6 9. Nc3 Nxd2 10. Qxd2 f5 11. Qe3 Re8 12. Ne5 Nd7 13. f4 Nf6 14. c5 Bc7 15. b4
Bd7 16. a4 a6 17. Rab1 Re7 18. h3 Be8 19. Kh2 b6 20. cxb6 Bxb6 21. a5 Ba7 22.
Na4 Rb8 23. Rfc1 Ne4 24. Qd3 Qc8 25. e3 Rb5 26. Qc2 Qb7 27. Bf1 Rxb4 28. Bxa6
Qb8 29. Nd3 Rxb1 30. Rxb1 Qa8 31. Nb6 Bxb6 32. Rxb6 Ra7 33. Nb4 Rc7 34. Nd3 Ra7
35. Qb2 Rxa6 36. Rb8 Rxa5 37. Rxa8 Rxa8 38. Kg2 h6 39. g4 Nd6 40. Ne5 fxg4 41.
hxg4 Nf7 42. Nd3 Nd6 43. Ne5 Nf7 44. Qb7 Ra2+ 45. Kf3 Nxe5+ 46. dxe5 Bg6 47. f5
exf5 48. Qc8+ Kh7 49. gxf5 Bh5+ 50. Kg3 Ra3 51. Kf2 Ra2+ 52. Kg3 Ra3 53. Kh4 Be2
54. Qxc6 Rxe3 55. Qg6+ Kg8 56. Qe8+ Kh7 57. Qg6+ Kg8 58. f6 Re4+ 59. Kh3 Rg4 60.
Qe8+ Kh7 61. f7 1-0

[Event "World Rapid Women 2017"]
[Site "Riyadh KSA"]
[Date "2017.12.28"]
[Round "14.2"]
[White "Lei, Tingjie"]
[Black "Shuvalova, Polina"]
[Result "1-0"]
[WhiteTitle "GM"]
[BlackTitle "WIM"]
[WhiteElo "2528"]
[BlackElo "2385"]
[WhiteFideId "8605114"]
[BlackFideId "24171760"]
[EventDate "2017.12.26"]

1. c4 Nf6 2. Nc3 e5 3. Nf3 Nc6 4. a3 d5 5. cxd5 Nxd5 6. Qc2 Be7 7. e3 O-O 8. Bb5
Nxc3 9. dxc3 Qd5 10. Bd3 g6 11. e4 Qd6 12. Be3 Bg4 13. Be2 Rad8 14. h3 Bc8 15.
Bc4 Na5 16. Be2 Be6 17. Rd1 Bb3 18. Rxd6 Bxc2 19. Rxd8 Rxd8 20. Nxe5 Bxe4 21.
O-O f6 22. Nc4 Nxc4 23. Bxc4+ Bd5 24. Bxd5+ Rxd5 25. Re1 Kf7 26. Kf1 a6 27. Ke2
f5 28. g4 b5 29. Ra1 fxg4 30. hxg4 h5 31. gxh5 gxh5 32. a4 Bf6 33. axb5 Rxb5 34.
Rxa6 Rxb2+ 35. Kd3 h4 36. Rc6 h3 37. Rxc7+ Kg6 38. Ra7 Rb3 39. Ke2 Rb1 40. Bf4
Bxc3 41. Kf3 Bd4 42. Ra6+ Kf5 43. Ra5+ Kg6 44. Rg5+ Kf6 45. Rh5 Rb2 46. Bg3 Rb3+
47. Kg4 Rb2 48. Rh6+ Kf7 49. f3 Rg2 50. Kxh3 Rg1 51. Rc6 Bf6 52. Kg4 Kg6 53. Kf4
Kf7 54. Bf2 Rf1 55. Bb6 Rb1 56. Ba5 Rb5 57. Be1 Rb1 58. Bd2 Rb3 59. Ke4 Rb8 60.
f4 Rb7 61. Ba5 Ra7 62. Bb6 Rd7 63. Bc5 Bg7 64. Bd6 Ra7 65. Kf5 Ra5+ 66. Be5 Bxe5
67. fxe5 Ke7 68. Rc7+ Kd8 69. Rc6 Ke7 70. Rh6 Ke8 71. Kf6 Ra1 72. Rh8+ Kd7 73.
e6+ Kd6 74. Rd8+ Kc7 75. e7 Rf1+ 76. Kg5 1-0

[Event "World Rapid Women 2017"]
[Site "Riyadh KSA"]
[Date "2017.12.28"]
[Round "14.4"]
[White "Paehtz, Elisabeth"]
[Black "Danielian, Elina"]
[Result "1-0"]
[WhiteTitle "IM"]
[BlackTitle "GM"]
[WhiteElo "2464"]
[BlackElo "2413"]
[WhiteFideId "4641833"]
[BlackFideId "13300210"]
[EventDate "2017.12.26"]

1. d4 Nf6 2. Nf3 e6 3. Bf4 c5 4. e3 b6 5. c3 Bb7 6. Nbd2 Be7 7. h3 cxd4 8. exd4
O-O 9. Bd3 d6 10. O-O Nbd7 11. Re1 Re8 12. Bh2 Bf8 13. Nc4 Qc7 14. a4 a6 15. Qe2
h6 16. Nfd2 Rad8 17. Ne3 Qc8 18. Ng4 Nd5 19. Ne3 N5f6 20. Ng4 Nd5 21. Ne3 N5f6
22. Bc4 e5 23. dxe5 dxe5 24. Bg3 Nc5 25. Bh4 Qc6 26. Bxf6 Qxf6 27. b4 Ne6 28.
Ng4 Qg6 29. Bxe6 Rxe6 30. Nf3 h5 31. Ne3 Qd3 32. Rad1 Qxe2 33. Rxe2 Rxd1+ 34.
Nxd1 Rd6 35. Rd2 f6 36. Ne3 Kf7 37. Nc4 Rxd2 38. Nfxd2 b5 39. axb5 axb5 40. Na5
Bd5 41. f3 g6 42. Kf2 Bh6 43. Ne4 Ke7 44. Ke2 Bc1 45. Nc5 Kd6 46. Nab7+ Ke7 47.
Na5 Bh6 48. Kd3 f5 49. c4 bxc4+ 50. Nxc4 Bg7 51. b5 Kd8 52. b6 Bf8 53. b7 Kc7
54. b8=Q+ Kxb8 55. Nd7+ Kc7 56. Nxf8 e4+ 57. fxe4 Bxe4+ 58. Ke3 Bxg2 59. h4 Kd8
60. Nxg6 Bh3 61. Kf4 Kd7 62. Kg5 Bg4 63. Nce5+ Ke6 64. Nxg4 hxg4 65. Nf4+ Kf7
66. Kxf5 g3 67. Kg4 Kg7 68. Kxg3 Kh6 69. Kg4 Kh7 70. Kg5 Kg7 71. h5 Kh7 72. h6
Kh8 73. Kg6 Kg8 74. Nh3 Kh8 75. Ng5 1-0

[Event "World Rapid Women 2017"]
[Site "Riyadh KSA"]
[Date "2017.12.28"]
[Round "14.5"]
[White "Mamedjarova, Turkan"]
[Black "Harika, Dronavalli"]
[Result "1/2-1/2"]
[WhiteTitle "WGM"]
[BlackTitle "GM"]
[WhiteElo "2260"]
[BlackElo "2504"]
[WhiteFideId "13402005"]
[BlackFideId "5015197"]
[EventDate "2017.12.26"]

1. d4 d6 2. e4 Nf6 3. Bd3 g6 4. h3 Bg7 5. Be3 Nbd7 6. Qd2 c5 7. dxc5 Nxc5 8.
Bxc5 dxc5 9. Nc3 O-O 10. Nf3 h6 11. O-O Be6 12. Rfe1 a6 13. a4 Qc7 14. e5 Nd5
15. Be4 Nxc3 16. Qxc3 Rad8 17. b4 c4 18. b5 Qc5 19. Bxb7 axb5 20. axb5 Qxb5 21.
Reb1 Qc5 22. Ra5 Qc7 23. Be4 Rb8 24. Rba1 Rfd8 25. Ra6 Rb6 26. Ra7 Qc5 27. Ra8
Rxa8 28. Rxa8+ Kh7 29. Ra1 Rb5 30. Re1 Rb8 31. Qd2 Qb6 32. Nd4 Rd8 33. c3 Bd5
34. Bxd5 Rxd5 35. Qf4 Kg8 36. Nf3 Qc7 37. Re4 Rc5 38. Qe3 e6 39. Qe2 Kh7 40. h4
Kg8 41. g3 Qb8 42. Rxc4 Qb5 43. Re4 Qxe2 44. Rxe2 Rxc3 45. Kg2 Rc5 46. g4 Rd5
47. Kg3 Ra5 48. Re3 Bf8 49. Nd2 Bc5 50. Nb3 Bxe3 51. Nxa5 Bd4 52. f4 Bc3 53. Nc4
Kf8 54. h5 Be1+ 1/2-1/2

[Event "World Rapid Women 2017"]
[Site "Riyadh KSA"]
[Date "2017.12.28"]
[Round "14.6"]
[White "Goryachkina, Aleksandra"]
[Black "Khotenashvili, Bela"]
[Result "1/2-1/2"]
[WhiteTitle "WGM"]
[BlackTitle "GM"]
[WhiteElo "2486"]
[BlackElo "2476"]
[WhiteFideId "4147103"]
[BlackFideId "13602640"]
[EventDate "2017.12.26"]

1. e4 c6 2. d4 d5 3. Nc3 g6 4. h3 Bg7 5. Nf3 Nh6 6. Be2 O-O 7. O-O f6 8. Re1 Nf7
9. b3 Re8 10. Bb2 e6 11. Bd3 Nd7 12. Ne2 e5 13. dxe5 fxe5 14. Ng3 d4 15. c3 c5
16. b4 b6 17. Bc4 Nf8 18. Ba3 Be6 19. Bb5 Bd7 20. Bc4 Be6 21. Bb5 Bd7 22. Bc4
Be6 1/2-1/2

[Event "World Rapid Women 2017"]
[Site "Riyadh KSA"]
[Date "2017.12.28"]
[Round "14.7"]
[White "Huang, Qian"]
[Black "Pham, Le Thao Nguyen"]
[Result "1/2-1/2"]
[WhiteTitle "WGM"]
[BlackTitle "IM"]
[WhiteElo "2438"]
[BlackElo "2354"]
[WhiteFideId "8602689"]
[BlackFideId "12401226"]
[EventDate "2017.12.26"]

1. c4 e6 2. d4 Nf6 3. Nf3 d5 4. Nc3 a6 5. cxd5 exd5 6. Bg5 Be7 7. e3 h6 8. Bh4
Be6 9. Bd3 Nbd7 10. O-O O-O 11. Rc1 Re8 12. Ne5 c6 13. f4 Nf8 14. h3 Rc8 15. Bf2
Rc7 16. a3 Bc8 17. Bb1 Bd6 18. Bh4 Be7 19. Qd3 N6h7 20. Bf2 Bd6 21. Rcd1 f6 22.
Ng6 Nxg6 23. Qxg6 Nf8 24. Qh5 Qe7 25. Rfe1 Qf7 26. Qxf7+ Rxf7 27. f5 Rfe7 28. g4
Nd7 29. Kg2 Nb6 30. Bd3 Bd7 31. Kf3 Bc7 32. h4 Nc8 33. e4 dxe4+ 34. Nxe4 Nb6 35.
Nc3 Rxe1 36. Rxe1 Rxe1 1/2-1/2

[Event "World Rapid Women 2017"]
[Site "Riyadh KSA"]
[Date "2017.12.28"]
[Round "14.8"]
[White "Lagno, Kateryna"]
[Black "Assaubayeva, Bibisara"]
[Result "1/2-1/2"]
[WhiteTitle "GM"]
[BlackTitle "FM"]
[WhiteElo "2547"]
[BlackElo "2381"]
[WhiteFideId "14109336"]
[BlackFideId "13708694"]
[EventDate "2017.12.26"]

1. e4 e5 2. Nf3 Nc6 3. Bc4 Bc5 4. c3 Nf6 5. d4 exd4 6. e5 d5 7. Bb5 Ne4 8. cxd4
Bb6 9. Nc3 O-O 10. Be3 Bg4 11. h3 Bh5 12. Qc2 Bg6 13. Qb3 Nxc3 14. Bxc6 bxc6 15.
Qxc3 f6 16. O-O Be4 17. Nd2 fxe5 18. Nxe4 exd4 19. Bxd4 Bxd4 20. Qxd4 dxe4 21.
Qxe4 Qd5 22. Qe3 Rfe8 23. Qc3 Re2 24. Rad1 Qe6 25. Rfe1 Rxe1+ 26. Rxe1 Qxa2 27.
Qxc6 Rf8 28. Qxc7 Qxb2 29. Qxa7 Qd2 30. Rb1 Qc2 31. Ra1 Qb2 32. Ra2 Qb1+ 33. Kh2
Qb8+ 34. Qxb8 Rxb8 35. g4 Rb7 36. Kg3 g6 37. h4 Kg7 38. f3 Rc7 39. Ra5 Kf6 40.
h5 Kg7 41. f4 Rf7 42. Rb5 Ra7 43. Kh4 Rf7 44. Rb4 Ra7 45. Rb6 Rf7 46. Rb4 Ra7
47. g5 Rc7 48. h6+ Kf7 49. Rb8 Ke6 50. Rf8 Ra7 51. Rf6+ Ke7 52. Kg4 Ra1 53. Rb6
Ra7 54. Rb8 Ke6 55. Rg8 Rb7 56. Rf8 Ra7 57. Rf6+ Ke7 58. Rb6 Kf7 59. Rd6 Rb7 60.
Kf3 Rb3+ 61. Ke4 Rb4+ 62. Ke5 Rb5+ 63. Rd5 Rb7 64. Kd6 Rb4 65. Ke5 Rb7 66. Rc5
Ra7 67. Kd6 Ra6+ 68. Kd5 Ra7 69. Rc8 Ra5+ 70. Kd6 Ra6+ 71. Ke5 Ra5+ 72. Ke4 Ra4+
73. Kf3 Ra3+ 74. Kg4 Ra7 75. Rc6 Rb7 76. Kf3 Rb3+ 77. Ke4 Rb4+ 78. Ke5 Rb5+ 79.
Kd6 Rb7 80. Rc8 Rb6+ 81. Kc5 Rb7 82. Rh8 Ke6 83. Rf8 Rf7 84. Rxf7 Kxf7 85. Kd6
Kf8 86. Ke6 Kg8 87. Kf6 Kh8 88. Kf7 1/2-1/2

[Event "World Rapid Women 2017"]
[Site "Riyadh KSA"]
[Date "2017.12.28"]
[Round "14.9"]
[White "Fataliyeva, Ulviyya"]
[Black "Stefanova, Antoaneta"]
[Result "1-0"]
[WhiteTitle "WGM"]
[BlackTitle "GM"]
[WhiteElo "2384"]
[BlackElo "2500"]
[WhiteFideId "13403052"]
[BlackFideId "2902257"]
[EventDate "2017.12.26"]

1. e4 e5 2. Nf3 Nc6 3. d4 exd4 4. Nxd4 Qf6 5. Nxc6 Bc5 6. Qd2 dxc6 7. Nc3 Bd4 8.
Bd3 Ne7 9. O-O Ng6 10. Kh1 Ne5 11. Be2 Ng4 12. Bf3 Be6 13. Bxg4 Bxg4 14. Qf4
Qxf4 15. Bxf4 O-O-O 16. f3 Be6 17. Nd1 f5 18. c3 Bb6 19. exf5 Bxf5 20. Ne3 Be6
21. Rfe1 Rhf8 22. Bg5 Rd7 23. Nc2 Bf5 24. Ne3 Be6 25. Nc2 Bf7 26. b3 Ba5 27. b4
Bb6 28. Ne3 h6 29. Bh4 Rd3 30. Nd1 g5 31. Bg3 Rfd8 32. Be5 Rd2 33. a4 a5 34. Ne3
Re8 35. Ng4 h5 36. Nf6 Re6 37. Ne4 Rd5 38. Nxg5 Rdxe5 39. Rxe5 Rxe5 40. Nxf7 Rf5
41. Nh6 Rf6 42. Ng8 Re6 43. f4 Kd7 44. f5 Re2 45. Nf6+ Ke7 46. Nxh5 Rc2 47. g4
Rxc3 48. bxa5 Bxa5 49. f6+ Kf7 50. Rd1 Rc2 51. Rd7+ Ke6 52. Re7+ Kd6 53. g5 Bc3
54. Re3 Bd4 55. f7 Rf2 56. Nf6 Rf1+ 57. Kg2 Rg1+ 58. Kh3 Bxe3 59. f8=Q+ Ke5 60.
Ng4+ Kd4 61. Nxe3 Rxg5 62. Qf4+ 1-0

[Event "World Rapid Women 2017"]
[Site "Riyadh KSA"]
[Date "2017.12.28"]
[Round "14.10"]
[White "Cramling, Pia"]
[Black "Padmini, Rout"]
[Result "1/2-1/2"]
[WhiteTitle "GM"]
[BlackTitle "IM"]
[WhiteElo "2450"]
[BlackElo "2324"]
[WhiteFideId "1700030"]
[BlackFideId "5029295"]
[EventDate "2017.12.26"]

1. Nf3 Nf6 2. c4 e6 3. g3 d5 4. d4 Be7 5. Bg2 O-O 6. O-O dxc4 7. Qc2 a6 8. a4
Bd7 9. Qxc4 Bc6 10. Bg5 Nbd7 11. Nc3 h6 12. Bxf6 Nxf6 13. a5 Bd6 14. Rfd1 Qe7
15. Nd2 Bxg2 16. Kxg2 e5 17. Nde4 Nxe4 18. Nxe4 exd4 19. Nxd6 Qxd6 20. Rxd4 Qe7
21. Rc1 c6 22. Rcd1 Rad8 23. e3 g6 24. h4 h5 25. b4 Rxd4 26. Rxd4 Rd8 27. Kf1
Rxd4 28. Qxd4 Qe6 29. Ke2 Kf8 30. Qb6 Qc4+ 31. Ke1 Qc1+ 32. Ke2 Qc2+ 33. Ke1
Qc1+ 34. Ke2 Qc2+ 35. Ke1 Qc1+ 36. Ke2 1/2-1/2